| 000 | 00632nam a2200241Ia 4500 | ||
|---|---|---|---|
| 008 | 160901s9999 xx 000 0 und d | ||
| 020 | _a0-07-125009-3 | ||
| 050 | _aComSc QA 76.76 | ||
| 050 | _b.O63D38 2004 | ||
| 100 | _aDavis, Guy Hart - | ||
| 245 | _aWindows XP and Office 2003 : | ||
| 245 | _bkeyboard shortcuts / | ||
| 245 | _cGuy Hart-Davis. | ||
| 260 | _aNew York : | ||
| 260 | _bMcGraw-Hill., | ||
| 260 | _c2004 | ||
| 300 | _a184 pages : | ||
| 300 | _bill. ; | ||
| 300 | _c23 cm. | ||
| 650 | _aMicrosoft Windows (Computer file). | ||
| 650 | _aOperating systems (Computers). | ||
| 650 | _xMicrosoft office. | ||
| 999 |
_c300884 _d300884 |
||